Deutsche agrarpolitik im rahmen der inneren und äusseren wirtschaftspolitik. (Record no. 9534)
[ view plain ]
| 000 -LEADER | |
|---|---|
| fixed length control field | 01406cam a22002771 4500 |
| 001 - CONTROL NUMBER | |
| control field | agr32001198 |
| 003 - CONTROL NUMBER IDENTIFIER | |
| control field | DLC |
| 005 - DATE AND TIME OF LATEST TRANSACTION | |
| control field | 20260227110952.0 |
| 008 - FIXED-LENGTH DATA ELEMENTS--GENERAL INFORMATION | |
| fixed length control field | 851015s1932 gw ab 000 0 ger c |
| 010 ## - LIBRARY OF CONGRESS CONTROL NUMBER | |
| LC control number | agr32001198 |
| 035 ## - SYSTEM CONTROL NUMBER | |
| System control number | (OCoLC)12675457 |
| 040 ## - CATALOGING SOURCE | |
| Original cataloging agency | Library, U.S. Dept. of Agriculture |
| Transcribing agency | OCU |
| Modifying agency | OCoLC |
| -- | DLC |
| 042 ## - AUTHENTICATION CODE | |
| Authentication code | premarc |
| 050 00 - LIBRARY OF CONGRESS CALL NUMBER | |
| Classification number | HD1957 1932 |
| Item number | .D4 |
| 070 0# - NATIONAL AGRICULTURAL LIBRARY CALL NUMBER | |
| Classification number | 281.175 |
| Item number | D48 |
| 245 00 - TITLE STATEMENT | |
| Title | Deutsche agrarpolitik im rahmen der inneren und äusseren wirtschaftspolitik. |
| Remainder of title | Im auftrage des vorstandes der Friedrich List-gesellschaft e. v. herausgegeben |
| Statement of responsibility, etc. | von Fritz Beckmann, Hermann Bente, Bernard Harms [u.a.] |
| 260 ## - PUBLICATION, DISTRIBUTION, ETC. | |
| Place of publication, distribution, etc. | Berlin, |
| Name of publisher, distributor, etc. | R. Hobbing, |
| Date of publication, distribution, etc. | 1932. |
| 300 ## - PHYSICAL DESCRIPTION | |
| Extent | 3 v. |
| Other physical details | maps, diagrs. |
| Dimensions | 25 cm. |
| 490 0# - SERIES STATEMENT | |
| Series statement | Veröffentlichungen der Friedrich List-gesellschaft e. v. |
| Volume/sequential designation | 5.-7. bd. |
| 504 ## - BIBLIOGRAPHY, ETC. NOTE | |
| Bibliography, etc. note | "Bibliographie [italienisch]": Ergänzungsteil, p. 288-293. |
| 505 0# - FORMATTED CONTENTS NOTE | |
| Formatted contents note | t. 1. Die lage der deutschen landwirtschaft und die gestaltung der agrarpolitischen einzelmassnahmen.--t. 2. Die deutsche agrarpolitik im rahmen einer organischen förderung der deutschen gesamtwirtschaft. Ergänzungsteil. Landwirtschaft und agrarpolitik im ausland. Verzeichnisse zum gesamtwerk. |
| 650 #0 - SUBJECT ADDED ENTRY--TOPICAL TERM | |
| Topical term or geographic name entry element | Agriculture |
| General subdivision | Economic aspects |
| Geographic subdivision | Germany. |
| 700 1# - ADDED ENTRY--PERSONAL NAME | |
| Personal name | Beckmann, Fritz, |
| Dates associated with a name | 1888- |
| Relator term | editor. |
| 700 1# - ADDED ENTRY--PERSONAL NAME | |
| Personal name | Bente, Hermann, |
| Dates associated with a name | 1896- |
| Relator term | joint editor. |
| 700 1# - ADDED ENTRY--PERSONAL NAME | |
| Personal name | Harms, Bernhard, |
| Dates associated with a name | 1876-1939, |
| Relator term | joint editor. |
No items available.